Wonder Fool World : Alma Steiner : Inspite of wishing and wanting : Wim Vandekeybus : Second Person : Crystal Pite
MARC
| LEADER | 00000nkm a22000007a 4500 | ||
|---|---|---|---|
| 001 | 27695 | ||
| 003 | Arxiu | ||
| 005 | 20260324181513.0 | ||
| 008 | 230411b spa||||| |||| 00| 0 cat d | ||
| 017 | |a B 15086-2019 | ||
| 040 | |a agdb |b cat | ||
| 245 | |a Wonder Fool World : Alma Steiner : Inspite of wishing and wanting : Wim Vandekeybus : Second Person : Crystal Pite | ||
| 260 | |a Barcelona : |b Institut del Teatre ; |c 2019 | ||
| 300 | |a 1 targeta postal ; |b il. col. ; |c 11 x 15 cm | ||
| 490 | |a Dansa - Curs 2018-19. Coreografia i interpretació | ||
| 500 | |a Postal dels espectacles de dansa "Wonder Fool World", "Inspite of wishing and wanting" i "Second Person" representats el dia 21 de juny de 2019 al Teatre Ovidi Montllor de l'Institut del Teatre. | ||
| 650 | 0 | |9 21513 |a Teatre |x Barcelona (Catalunya) | |
| 650 | 0 | |2 Arxiu |9 30511 |a Teatre |x Ensenyament | |
| 655 | 0 | |9 52685 |a Targetes postals | |
| 710 | 1 | |9 52662 |a Institut del Teatre (Barcelona, Catalunya) | |
| 942 | |2 udc |n 1 |c ARXIU | ||
| 952 | |0 0 |1 0 |2 udc |4 0 |6 NBM1735 |7 1 |9 66077 |a Arxiu |b Arxiu |d 2023-04-11 |l 0 |o NBM-17-35 |p 27695 |r 2023-04-11 00:00:00 |w 2023-04-11 | ||
| 999 | |c 83353 |d 83353 | ||